000 00485nam a2200157 a 4500
001 000026229
005 20200930024419.0
008 110307s1934 dr acg 000 0 spa d
040 _aDO-SdBNP
_bspa
_cBNPHU
100 1 _aElhimani, Kassim
_953258
245 1 0 _aSanto Domingo de ayer y hoy /
_cKassim Elhimani.
260 _aSanto Domingo :,
_c1934.
300 _a333 P. :
_bil., 2 partitura, retrs. ;
_c26 cm.
500 _aIncluye letras y partituras del himno nacional
049 _aBNPD
999 _c25721
_d25721